000
00327nam a22001457a 4500
008
250709b ||||| |||| 00| 0 eng d
020
_a
9789994333035
041
_a
SHQIP
080
_2
2003
_a
001
082
_2
001
100
_a
1
101
_a
GJUH DHE LETERSI
245
_a
KODI I DA VINCIT
_c
DAN BROWN
942
_2
udc
_c
BK
999
_c
60718
_d
60718